Nom des villes françaises à l'époque romaine - Statistiques

Statistiques générales
  • Ce quiz a été pris 78 fois
  • Le résultat moyen est 17 sur 35
Statistiques - réponses
Hint Réponse % Correct
Massilia Marseille
96%
Lugdunum Lyon
94%
Nicaea Nice
94%
Tolosa Toulouse
94%
Lutetia Paris
93%
Burdigala Bordeaux
86%
Brestum Brest
85%
Narbo Martius Narbonne
79%
Nemausus Nîmes
67%
Condate Riedonum Rennes
67%
Arelate Arles
64%
Divio Dijon
63%
Argentoratum Strasbourg
58%
Avenio Avignon
51%
Durocortorum Reims
51%
Condevincum Nantes
50%
Aquae Sextiae Aix-en-Provence
49%
Divodurum Metz
49%
Caesarodunum (Turoni) Tours
49%
Aureliani Orléans
47%
Rotomagus Rouen
43%
Vesontio Besançon
39%
Juliomagus Angers
35%
Samarobriva Amiens
33%
Autessiodurum Auxerre
31%
Augustodunum Autun
25%
Mediolanum Santonum Saintes
25%
Augusta Suessionum Soissons
22%
Camaracum Cambrai
19%
Autricum Chartres
19%
Forum Julii Fréjus
18%
Nemetacum Atrebatum Arras
17%
Belna Beaune
14%
Aquae Tarbellicae Dax
13%
Augustomagus Senlis
6%
Aucun quiz correspondant
Distribution des résultats
% des personnes avec chaque résultat
Percentile par nombre de réponses
Votre historique - résultats
Vous n’avez pas pris ce quiz